Normal view MARC view
  • Angelino, Inès

Entry Nombre Personal

Number of records used in: 1

001 - NUMERO DE CONTROL

  • campo de control: 44011

003 - IDENTIFICADOR DE NUMERO DE CONTROL

  • campo de control: DLC

005 - FECHA Y HORA DE LA ÜLTIMA TRANSACCIÓN

  • campo de control: 20220401092347.0

008 - DATOS DE LONGITUD FIJA

  • campo de control de longitud fija: 220401n| acannaab| |n aaa |||

010 ## - NÚMERO DE CONTROL DE LA BIBLIOTECA DEL CONGRESO

  • Número de control LC: n 89657845

040 ## - FUENTE DE CATALOGACIÓN

  • Agencia original de catalogación: DLC
  • Agencia de transcripción: DLC
  • Agencia que lo modifica: DLC
  • Agencia que lo modifica: MX-MxUPN
  • Lenguaje de catalogación: spa

100 10 - ENCABEZAMIENTO - NOMBRE PERSONAL

  • Nombre personal: Angelino, Inès

670 ## - FUENTE EN LA QUE SE LOCALIZARON DATOS

  • Cita de la fuente: Dolto, F. Quand les parents se séparent, c1988:
  • Información localizada: portada (Inès Angelino)

902 ## - CATALOGADOR

  • Catalogador: NDAF/220401